| 000 | 01475nam0a2200373 4500 | ||
|---|---|---|---|
| 001 | RU\NLR\BIBL_A\012396412 | ||
| 005 | 20201117135733.0 | ||
| 010 |
_a978-5-17-113251-4 _97000 |
||
| 021 |
_aRU _bКН-П-20-040868 _9КН-П-20-3103 |
||
| 021 |
_aRU _bКН-П-22-039778 _9КН-П-22-3431 |
||
| 035 | _a(NLR Aleph) 012396412 | ||
| 035 | _a(RuMoRGB)010380526 | ||
| 090 |
_a11701310 _c11701310 |
||
| 100 | _a20201102d2020 c y0rusy50 ca | ||
| 101 | 1 |
_arus _ceng |
|
| 102 | _aRU | ||
| 105 | _aa|||z|||000zy | ||
| 181 | 0 |
_ai _baxxe |
|
| 182 | 0 | _an | |
| 200 | 1 |
_aПриключения Тома Сойера _e[повесть _eдля среднего школьного возраста] _fМарк Твен _gперевод с английского К. Чуковского _gхудожник: Вадим Челак |
|
| 203 |
_aТекст _bвизуальный _cнепосредственный |
||
| 210 |
_aМосква _cАСТ _d2020 |
||
| 215 |
_a286, [1] с., [8] л. цв. ил. _cил. _d21 |
||
| 225 | 1 | _aДетское чтение | |
| 333 | _a6+ | ||
| 686 | 0 | _aШ9(7США)62-4 | |
| 700 | 1 |
_7ca _8rus _aТвен _bМ. _f1835-1910 _gМарк _9110265 _3RU\NLR\AUTH\77201 |
|
| 702 | 1 |
_4040 _7ca _8rus _aЧелак _bВ. Г. _cхудожник _f1961- _gВадим Георгиевич _946992 _3RU\NLR\AUTH\7764063 |
|
| 942 | _cBOOK | ||
| 980 | _aNBR | ||
| 980 | _aNB | ||